Production improvement [monography

Bibliographic Details
Main Author: Konstanciak, Manuela (Author)
Other Authors: Borkowski, Stanislaw (Editor)
Format: Book
Language:English
PhysicalDescription:174 s. grafy, ilustr., sch., tab. 21 cm
Published: Trnava Tripsoft 2011
ISBN:9788089291458 (brož.)
Edition:[1st ed.]
Subjects:

MARC

LEADER 00000nam a22000005a 4500
001 vtls010434873
003 SK-MaSNL
005 20260331205617.0
008 150827s2011 xo dla e 001 0 eng
015 |a SNBA2012/06-03518 
020 |a 9788089291458 (brož.) 
035 |a 4E1621EC-B7D8-4F68-9E00-83F63C652538 
035 |a urn:nbn:sk:snk-amjl3a 
035 |a urn:nbn:sk:snk-am002d1l 
040 |a SNK  |b slo  |c SNK  |e AACR2 
041 0 |a eng  |b eng 
044 |a xo  |c SK 
072 7 |a 005  |x Manažment. Riadenie  |2 konspekt 
080 |a 658.5  |2 2001 
080 |a 005.6  |2 2001 
080 |a (048.8)  |2 2001 
100 1 |a Borkowski, Stanislaw  |4 edt  |9 331691 
245 1 0 |a Production improvement  |b [monography  |c editing and scientific elaboration] Stanisław Borkowski, Manuela Konstanciak 
250 |a [1st ed.] 
260 |a Trnava  |b Tripsoft  |c 2011 
300 |a 174 s.  |b grafy, ilustr., sch., tab.  |c 21 cm 
366 |e 200 výt. 
504 |a Bibliogr. odkazy. Pozn. Reg. aut. 
546 |a Res. angl. 
650 0 7 |a výrobné procesy  |2 SNKPH  |9 49951 
650 0 7 |a Manufacturing processes  |2 SNKPHeng  |9 302679 
650 0 7 |a Quality management  |2 SNKPHeng  |9 276990 
650 0 7 |a manažment kvality  |2 SNKPH  |9 932 
655 7 |a monografie  |2 SNKPH  |9 70139 
655 7 |a Monographs  |2 SNKPHeng  |9 120675 
700 1 |a Konstanciak, Manuela  |4 aut  |9 484005 
919 |a 978-80-89291-45-8 
958 |a NB 
968 |d 0 
999 |c 751798  |d 753728 
952 |a SNK  |b SNK  |y PREZ  |7 0  |p 17A1030885  |o snkSC 150281  |i snk2012/13317  |8 0  |0 0  |1 0  |4 0  |d 2012-07-10  |l 0  |r 2025-07-18 00:00:00  |w 2026-02-23 
952 |a SNK  |b SNK  |y VYP  |7 0  |p 17A1030886  |o snkSC 150281 D1  |i snk2012/13318  |8 0  |0 0  |1 0  |4 0  |d 2012-07-10  |f 1  |l 0  |r 2026-02-23 23:35:37  |w 2026-02-23